000 01726nam a2200289Ia 4500
999 _c56124
_d56124
001 23225
003 GE_BSU
005 20230508104826.0
008 181216s1973||||ge |||||||||||||| ||geo||
040 _cGE_BSU
041 _ageo
080 _a94(479.22) ბ-57
100 _aბერძენიშვილი, ნიკოლოზ
_91447
245 _aსაქართველოს ისტორიის საკითხები :
_bწ. 6, [X-XVIII ს.ს. საქართველო] /
_cნიკოლოზ ბერძენიშვილი ; საქ. სსრ მეცნ. აკად., ივ. ჯავახიშვილის სახ. ისტორიის ინ-ტი ; [სარედ. კოლეგია: გ. აკოფაშვილი, მ. დუმბაძე, გ. ჯამბურია და სხვ.]
264 _aთბილისი :
_bმეცნიერება,
_c1973.
300 _a488 გვ.;
_b22 სმ.
520 _aგაშლ. თავფ. რუს. ენ.
541 _h5ლ. 60თ.
653 _aსაქართველოს შუა საუკუნეების ისტორია -- 10-18 სს.
700 _aაკოფაშვილი, გ.
_eრედაქტორი
_918010
700 _aდუმბაძე, მ.
_eრედაქტორი
_918015
700 _aჯამბურია, გ.
_eრედაქტორი
_934
700 _aხანთაძე, შ.
_eრედაქტორი
_93464
700 _aხოშტარია, ე.
_eრედაქტორი
_918016
700 _aნადირაძე, გ.
_eმხატვარი
_918017
942 _cBK
_2udc